| 000 | 00461nam a22001577a 4500 | ||
|---|---|---|---|
| 020 | _a9780131274983 | ||
| 040 | _cNust | ||
| 082 |
_a532 _bVER |
||
| 100 |
_aVersteeg, K H _991272 |
||
| 110 |
_aMalalasekera, W _9123708 |
||
| 245 | _aAn Introduction to Computational Fluid Mechanics | ||
| 250 | _a2nd Edition | ||
| 260 |
_aHarlow: _bPearson Education Services, _c2007. |
||
| 650 |
_aAn Introduction to Computational Fluid Mechanics _9123709 |
||
| 942 |
_2ddc _cREF |
||
| 999 |
_c609805 _d609805 |
||